El problema negro (Record no. 82452)

MARC details
000 -LEADER
campo de control de longitud fija 00445nam a2200157 i 4500
001 - NÚMERO DE CONTROL
campo de control 82452
003 - IDENTIFICADOR DE NÚMERO DE CONTROL
campo de control ES-MaACL
005 - FECHA Y HORA DE LA ÚLTIMA TRANSACCIÓN
campo de control 20230906174656.0
007 - CAMPO FIJO DE DESCRIPCIÓN FÍSICA--INFORMACIÓN GENERAL
campo de control de longitud fija t|
008 - DATOS DE LONGITUD FIJA--INFORMACIÓN GENERAL
campo de control de longitud fija 041110s1935 cu ||||1| spa d
100 1# - ENTRADA PRINCIPAL--NOMBRE DE PERSONA
Nombre de persona Ibarzábal, Pedro.
9 (RLIN) 64984
245 13 - MENCIÓN DEL TÍTULO
Título El problema negro
Resto del título : (ensayo de interpretación) /
Mención de responsabilidad, etc. P. Ibarzabal.
260 ## - PUBLICACIÓN, DISTRIBUCIÓN, ETC.
Lugar de publicación, distribución, etc. La Habana :
Nombre del editor, distribuidor, etc. [s.n.,
Fecha de publicación, distribución, etc. 1935] (
Fabricante F. Verdugo)
300 ## - DESCRIPCIÓN FÍSICA
Extensión 64 p. ;
Dimensiones 16 cm.
852 ## - LOCALIZACIÓN
Ubicación ES-MaACL
Número de control de estantería 1827-F-7
Holdings
Estatus retirado Estado de pérdida Estado de daño No para préstamo Colección Biblioteca de origen Biblioteca actual Ubicación en estantería Fecha de adquisición Fuente de adquisición Total de préstamos Signatura topográfica completa Código de barras Visto por última vez Precio de reemplazo Tipo de ítem Koha
        Colección de folletos Biblioteca del Ateneo de Madrid Biblioteca del Ateneo de Madrid Depósito folletos 17/01/2008     1827-F-7 1086169 23/02/2023 23/02/2023 Folleto